Fundamentals of digital electronics and microprocessors

Bibliographic Details
Main Author: Sumit Kumar Singh
Format: Book
Published: New Delhi : MD Pub. Pvt Ltd , 2008
Subjects:

MARC

LEADER 00000cam a2200000 7i4500
001 0000037987
005 20131022.0
008 131022
020 |a 8175331112 
090 0 0 |a 004.1   |b SIN 
100 1 |a Sumit Kumar Singh 
245 1 0 |a Fundamentals of digital electronics and microprocessors   |c Sumit Kumar Singh 
260 |a New Delhi :   |b MD Pub. Pvt Ltd ,   |c 2008 
650 0 |a Digital electronics 
650 0 |a Microprocessors 
999 |a 0001243853   |b Book   |c REFERENCE   |e Perbadanan Perpustakaan Awam Johor